MARC

LEADER 00000nam0a2200000 4500
001 164387
005 20231031161229.0
010 |a 5020299448 
035 |a (RuTPU)RU\TPU\book\178341 
090 |a 164387 
100 |a 20090904d1992 k y0rusy50 ca 
101 0 |a rus 
102 |a RU 
105 |a y z 001zy 
200 1 |a Численные методы оптимизации и анализа  |e сборник научных статей  |f Российская академия наук (РАН), Сибирское отделение (СО), Сибирский энергетический институт им. Л. А. Мелентьева (СИЭ) ; под ред. В. В. Васина, А. С. Апарцина 
210 |a Новосибирск  |c Наука  |d 1992  |c Сиб. отд-ние 
215 |a 199 с. 
320 |a Библиогр. в конце ст. 
610 1 |a оптимизация 
610 1 |a численные методы 
610 1 |a анализ 
610 1 |a вычислительная математика 
610 1 |a вычислительная томография 
610 1 |a динамические модели 
675 |a 681.3.066  |v 3 
702 1 |a Васин  |b В. В.  |4 340 
702 1 |a Апарцин  |b А. С.  |4 340 
712 0 2 |a Российская академия наук (РАН)  |b Сибирское отделение (СО)  |b Сибирский энергетический институт им. Л. А. Мелентьева (СИЭ)  |c (Иркутск)  |c (1991-1997)  |2 stltpush  |3 (RuTPU)RU\TPU\col\445 
801 1 |a RU  |b 63413507  |c 20090904 
801 2 |a RU  |b 63413507  |c 20100902  |g RCR 
942 |c BK